Vulcan: Journal of the History of Military Technology.

محفوظ في:

التنسيق: دورية

اللغة: Undetermined

الموضوعات:

الوصول للمادة أونلاين: Login to view Source

الوسوم: إضافة وسم

لا توجد وسوم, كن أول من يضع وسما على هذه التسجيلة!

رقم الطلب:

LEADER 00540nms a2200181Ia 4500
005 20240402061459.0
008 240131s9999||||xx |||||||||||||||||und||
999 |c 56582  |d 56582 
022 |a 2213-459X 
022 |a 2213-4603 
245 0 0 |a Vulcan: Journal of the History of Military Technology. 
336 |2 rdacontent  |a text  |b txt 
337 |2 rdamedia  |a unmediated  |b n 
338 |2 rdacarrier  |a volume  |b n 
500 |a BRILLBRILLJ 
650 4 |a Military history. 
856 |z VULC  |u https://brill.com/view/journals/vulc/vulc-overview.xml 
942 |2 lcc  |c EJL